Gemeinden Bezirk Berner Jura - Statistiken

Allgemein
  • Dieses Quiz wurde 105 mal gespielt
  • Das Durchschnittsergebnis liegt bei 22 aus 40
Antwortstatistiken
Antwort Einwohner % Korrekt
Moutier 7189
87%
Tavannes 3430
87%
Saint-Imier 5080
80%
Court 1394
73%
Tramelan 4587
73%
Courtelary 1420
67%
La Neuveville 3798
67%
Mont-Tramelan 110
67%
Grandval 399
60%
Petit-Val 410
60%
Plateau de Diesse 2118
60%
Renan (BE) 977
60%
Romont (BE) 222
60%
Seehof 71
60%
Corgémont 1789
53%
Cormoret 505
53%
La Ferrière 539
53%
Nods 804
53%
Orvin 1236
53%
Péry-La Heutte 1960
53%
Rebévelier 40
53%
Roches (BE) 190
53%
Sauge 826
53%
Schelten 32
53%
Sonceboz-Sombeval 1921
53%
Valbirse 3918
53%
Belprahon 276
47%
Corcelles (BE) 201
47%
Cortébert 683
47%
Crémines 508
47%
Perrefitte 472
47%
Sonvilier 1210
47%
Sorvilier 284
47%
Saicourt 623
40%
Villeret 923
40%
Reconvilier 2425
33%
Saules (BE) 152
33%
Champoz 160
27%
Eschert 384
27%
Loveresse 362
27%
Keine übereinstimmenden Quizze gefunden
Verteilung der Resultate
Anzahl Personen mit jedem Resultat
Perzentil nach korrekt beantworteten Fragen
Ihre Resultats-Entwicklung
Sie haben dieses Quiz noch nicht gespielt